000 00503nam a2200193Ia 4500
005 20260429111919.0
008 260429s9999||||xx |||||||||||||| ||und||
020 _a9789391801830
041 _aEnglish
082 _a579
_bSRI
100 _aSrivastava, Preeti
245 0 _aTextbook of microbiology /
_cPreeti Srivastava
250 _a1st ed.
260 _aNew Delhi :
_bRawat Prakashan,
_c2023.
300 _aviii, 272 p.; hb
650 _aMicrobiology
700 _a Gupta, Sweta
942 _cTB
999 _c51404
_d51404